• 首页
  • 本馆介绍
  • 公告通知
  • 最新文献
  • 馆藏检索
  • 电子资源
  • 读者导购
  • 参考咨询
  • 我的图书馆
  • 登录
  • 详细信息显示
  • 放入我的书架
  • 预约/预借图书
  • 作者相关作品
  • 分类相关作品
  • 丛书相关作品
  • 出版社相关作品

书目信息

  • 表格格式
  • 工作单格式
  • 卡片格式
题名:
无土栽培
    
 
作者: ;日本贵夫人社 编
分册:  
出版信息: 北京   中国轻工业出版社  2001
页数: 80页
开本: 26cm
丛书名:
单 册:
中图分类: S680.4 , S68
科图分类:
主题词: 园林植物--无土栽培 , 园林植物 , 无土栽培
电子资源:
ISBN: 7-5019-3454-1
000 00774nam0 2200253 450
001 1536054833
005 20150130100117.01
010    @a7-5019-3454-1@dCNY30.00
100    @a20020122d2001 em y0chiy0110 ea
101 1  @achi@cjpn
102    @aCN@b110000
105    @aa z 000yy
200 1  @a无土栽培@9wu tu zai pei@f(日)贵夫人社编@g本书编译组译
210    @a北京@c中国轻工业出版社@d2001
215    @a80页@d26cm
330    @a本书内容包括:水培植物,享受营养液栽培的乐趣,移栽,混合栽培,修剪更新,植物名录,营养液栽培的基础知识。
606 0  @a园林植物@x无土栽培
606 0  @a园林植物
606 0  @a无土栽培
690    @aS680.4@v5
690    @aS68@v4
711 02 @a日本贵夫人社@9ri ben gui fu ren she@4编
801  0 @aCN@bTSSF@c20150130
905    @aZUCC@dS68@eJY45
    
    无土栽培/(日)贵夫人社编/本书编译组译.-北京:中国轻工业出版社,2001
    80页;26cm
    
    
    ISBN 7-5019-3454-1:CNY30.00
    本书内容包括:水培植物,享受营养液栽培的乐趣,移栽,混合栽培,修剪更新,植物名录,营养液栽培的基础知识。
●
相关链接 在E读中查询图书 在五车中查询图书 在当当中查询图书 在豆瓣中查询图书


正题名:无土栽培     索取号:S68/JY45         预约/预借

序号 登录号 条形码 馆藏地/架位号 状态 备注
1 7862669   278626694   学院路分馆/ [索取号:S68/JY45] 在馆    
2 7862670   278626701   学院路分馆/ [索取号:S68/JY45] 在馆    
唐山师范学院图书馆 欢迎您!
大连网信软件有限公司© 版权所有